[Event "1.CLZ 15/16,Unichess-AD Jicin"]
[Site "Praha"]
[Date "2015.11.29"]
[Round "4.1"]
[White "Michalik, Peter"]
[Black "Rasik, Vitezslav"]
[Result "1-0"]
[BlackElo "2446"]
[WhiteElo "2573"]
[LiveChessVersion "1.4.6"]

1. e4 {[%clk 1:25:54]} d6 {[%clk 1:27:46]} 2. d4 {[%clk 1:26:11]} g6
{[%clk 1:28:05]} 3. c4 {[%clk 1:26:05]} Bg7 {[%clk 1:28:03]} 4. Nc3
{[%clk 1:26:28]} Nf6 {[%clk 1:27:48]} 5. h3 {[%clk 1:25:31]} O-O {[%clk 1:27:55]}
6. Bg5 {[%clk 1:25:53]} Na6 {[%clk 1:28:08]} 7. Nf3 {[%clk 1:25:46]} e5
{[%clk 1:27:56]} 8. d5 {[%clk 1:25:18]} Qe8 {[%clk 1:20:48]} 9. g4
{[%clk 1:24:35]} Nd7 {[%clk 1:16:46]} 10. Rg1 {[%clk 1:23:32]} Kh8
{[%clk 1:14:40]} 11. Qd2 {[%clk 1:19:04]} Ndc5 {[%clk 1:13:01]} 12. Be2
{[%clk 1:17:02]} c6 {[%clk 0:57:09]} 13. dxc6 {[%clk 0:59:34]} Qxc6
{[%clk 0:46:15]} 14. Be7 {[%clk 0:59:44]} Re8 {[%clk 0:44:06]} 15. Qxd6
{[%clk 0:59:53]} Qd7 {[%clk 0:37:05]} 16. Qxd7 {[%clk 0:59:16]} Bxd7
{[%clk 0:37:18]} 17. Bd6 {[%clk 0:56:47]} b6 {[%clk 0:35:03]} 18. O-O-O
{[%clk 0:55:21]} Bc6 {[%clk 0:34:03]} 19. Bd3 {[%clk 0:55:03]} Rad8
{[%clk 0:24:04]} 20. Bc2 {[%clk 0:55:15]} Rd7 {[%clk 0:18:55]} 21. Bxc5
{[%clk 0:51:53]} Nxc5 {[%clk 0:16:54]} 22. b4 {[%clk 0:51:48]} Ne6
{[%clk 0:16:36]} 23. b5 {[%clk 0:43:48]} Rxd1+ {[%clk 0:16:58]} 24. Rxd1
{[%clk 0:44:14]} Bb7 {[%clk 0:17:04]} 25. Rd7 {[%clk 0:44:27]} Nc5
{[%clk 0:16:53]} 26. Rxf7 {[%clk 0:44:50]} Kg8 {[%clk 0:15:08]} 27. Rc7
{[%clk 0:45:10]} Bf6 {[%clk 0:08:15]} 28. Na4 {[%clk 0:44:08]} Bd8
{[%clk 0:08:04]} 29. Rxc5 {[%clk 0:43:51]} bxc5 {[%clk 0:08:32]} 30. Nxc5
{[%clk 0:44:13]} Bc8 {[%clk 0:07:27]} 31. Nd3 {[%clk 0:44:27]} Bc7
{[%clk 0:06:54]} 32. c5 {[%clk 0:44:02]} h5 {[%clk 0:06:48]} 33. Nh2
{[%clk 0:40:40]} Kg7 {[%clk 0:06:49]} 34. Bd1 {[%clk 0:39:27]} Be6
{[%clk 0:04:59]} 35. Bb3 {[%clk 0:39:13]} Bc8 {[%clk 0:03:57]} 36. f3
{[%clk 0:38:51]} hxg4 {[%clk 0:02:09]} 37. Nxg4 {[%clk 0:39:14]} Bxg4
{[%clk 0:01:17]} 38. hxg4 {[%clk 0:39:37]} Ba5 {[%clk 0:00:44]} 39. Kd1
{[%clk 0:38:55]} Kf6 {[%clk 0:00:58]} 40. Ke2 {[%clk 0:39:06]} Rh8
{[%clk 0:00:42]} 41. g5+ {[%clk 0:39:02]} Kxg5 {[%clk 0:24:38]} 42. Nxe5
{[%clk 1:10:27]} Rh2+ {[%clk 0:18:58]} 43. Ke3 {[%clk 1:10:37]} Bd2+
{[%clk 0:17:04]} 44. Kd4 {[%clk 1:09:24]} Bf4 {[%clk 0:13:55]} 45. Nc4
{[%clk 1:07:02]} Rh8 {[%clk 0:11:00]} 46. e5 {[%clk 1:06:40]} Bg3
{[%clk 0:05:43]} 47. Ke4 {[%clk 1:03:45]} Rh4+ {[%clk 0:05:15]} 48. Kd5
{[%clk 1:04:10]} Rh7 {[%clk 0:02:34]} 49. c6 {[%clk 1:03:33]} Be1
{[%clk 0:02:53]} 50. Bc2 {[%clk 1:03:20]} Bc3 {[%clk 0:01:30]} 51. a4
{[%clk 1:03:27]} Kf4 {[%clk 0:00:50]} 52. Bxg6 {[%clk 1:03:44]} Re7
{[%clk 0:00:42]} 53. e6 {[%clk 1:03:54]} 1-0

[Event "1.CLZ 15/16,Unichess-AD Jicin"]
[Site "Praha"]
[Date "2015.11.29"]
[Round "4.2"]
[White "Kociscak, Jiri"]
[Black "Bernasek, Jan"]
[Result "0-1"]
[BlackElo "2515"]
[WhiteElo "2473"]
[LiveChessVersion "1.4.6"]

1. d4 {[%clk 1:28:30]} Nf6 {[%clk 1:30:47]} 2. c4 {[%clk 1:28:47]} e6
{[%clk 1:31:12]} 3. Nc3 {[%clk 1:29:11]} Bb4 {[%clk 1:31:37]} 4. Qc2
{[%clk 1:29:31]} O-O {[%clk 1:31:49]} 5. a3 {[%clk 1:29:54]} Bxc3+
{[%clk 1:32:12]} 6. Qxc3 {[%clk 1:30:19]} b6 {[%clk 1:32:30]} 7. Bg5
{[%clk 1:30:43]} Bb7 {[%clk 1:32:45]} 8. f3 {[%clk 1:29:30]} h6 {[%clk 1:32:54]}
9. Bh4 {[%clk 1:29:47]} d5 {[%clk 1:33:17]} 10. e3 {[%clk 1:30:10]} Re8
{[%clk 1:33:39]} 11. Bd3 {[%clk 1:12:53]} c5 {[%clk 1:33:50]} 12. dxc5
{[%clk 1:03:19]} Nbd7 {[%clk 1:32:36]} 13. cxd5 {[%clk 0:34:33]} Nxc5
{[%clk 1:32:21]} 14. Bb5 {[%clk 0:29:43]} g5 {[%clk 1:31:57]} 15. Bf2
{[%clk 0:21:27]} Nxd5 {[%clk 1:28:33]} 16. Qc2 {[%clk 0:21:26]} Rc8
{[%clk 1:26:00]} 17. Rd1 {[%clk 0:18:35]} Qf6 {[%clk 1:05:59]} 18. Ne2
{[%clk 0:13:41]} Red8 {[%clk 1:04:49]} 19. O-O {[%clk 0:13:26]} a6
{[%clk 1:02:48]} 20. Bc4 {[%clk 0:13:07]} b5 {[%clk 0:57:45]} 21. Bxd5
{[%clk 0:10:17]} Bxd5 {[%clk 0:57:45]} 22. Nc3 {[%clk 0:01:56]} Bb3
{[%clk 0:56:16]} 23. Rxd8+ {[%clk 0:02:22]} Qxd8 {[%clk 0:56:41]} 24. Qb1
{[%clk 0:02:30]} Qd2 {[%clk 0:54:07]} 25. Ne4 {[%clk 0:01:40]} Nxe4
{[%clk 0:50:27]} 26. Qxe4 {[%clk 0:02:05]} Rc2 {[%clk 0:48:05]} 27. Qd4
{[%clk 0:01:58]} Qxd4 {[%clk 0:45:50]} 28. exd4 {[%clk 0:02:23]} Rxb2
{[%clk 0:46:13]} 29. Be3 {[%clk 0:01:06]} Bc4 {[%clk 0:44:26]} 30. Re1
{[%clk 0:01:20]} Kh7 {[%clk 0:44:12]} 31. h3 {[%clk 0:01:10]} Kg6
{[%clk 0:44:19]} 32. Bc1 {[%clk 0:00:37]} Rc2 {[%clk 0:44:43]} 33. Kh2
{[%clk 0:00:42]} Bd5 {[%clk 0:45:06]} 34. Kg1 {[%clk 0:00:38]} a5
{[%clk 0:45:21]} 35. Be3 {[%clk 0:00:34]} b4 {[%clk 0:45:29]} 36. axb4
{[%clk 0:00:57]} axb4 {[%clk 0:45:54]} 0-1

[Event "1.CLZ 15/16,Unichess-AD Jicin"]
[Site "Praha"]
[Date "2015.11.29"]
[Round "4.3"]
[White "Cernousek, Lukas"]
[Black "Kourousis, Epaminondas"]
[Result "0-1"]
[BlackElo "2420"]
[WhiteElo "2466"]
[LiveChessVersion "1.4.6"]

1. e4 {[%clk 1:30:17]} c6 {[%clk 1:26:27]} 2. d4 {[%clk 1:30:39]} d5
{[%clk 1:26:51]} 3. Nd2 {[%clk 1:31:02]} dxe4 {[%clk 1:26:15]} 4. Nxe4
{[%clk 1:31:24]} Nd7 {[%clk 1:22:40]} 5. Ng5 {[%clk 1:31:21]} Ngf6
{[%clk 1:16:53]} 6. Bd3 {[%clk 1:31:34]} e6 {[%clk 1:12:58]} 7. N1f3
{[%clk 1:31:55]} h6 {[%clk 1:12:13]} 8. Nxe6 {[%clk 1:29:04]} fxe6
{[%clk 1:11:20]} 9. Bg6+ {[%clk 1:29:32]} Ke7 {[%clk 1:11:49]} 10. Bf4
{[%clk 1:29:32]} Qa5+ {[%clk 1:04:12]} 11. c3 {[%clk 1:29:08]} Kd8
{[%clk 1:02:55]} 12. O-O {[%clk 1:26:36]} Be7 {[%clk 1:01:16]} 13. b4
{[%clk 1:25:25]} Qd5 {[%clk 0:51:21]} 14. Qe2 {[%clk 1:19:42]} Nf8
{[%clk 0:47:29]} 15. Bc2 {[%clk 1:05:30]} Qh5 {[%clk 0:45:58]} 16. Qd3
{[%clk 1:01:07]} N8d7 {[%clk 0:30:54]} 17. Rfe1 {[%clk 0:56:22]} Qf7
{[%clk 0:28:37]} 18. h3 {[%clk 0:45:08]} g5 {[%clk 0:23:59]} 19. Bxg5
{[%clk 0:30:40]} Nd5 {[%clk 0:21:35]} 20. Bd2 {[%clk 0:29:48]} Rg8
{[%clk 0:19:08]} 21. Ne5 {[%clk 0:12:13]} Nxe5 {[%clk 0:15:59]} 22. dxe5
{[%clk 0:12:41]} b5 {[%clk 0:14:43]} 23. a4 {[%clk 0:08:31]} Bb7 {[%clk 0:14:50]}
24. f4 {[%clk 0:07:21]} Kc7 {[%clk 0:13:09]} 25. Rf1 {[%clk 0:01:27]} c5
{[%clk 0:12:44]} 26. g4 {[%clk 0:01:04]} Rad8 {[%clk 0:11:10]} 27. Qe2
{[%clk 0:00:36]} cxb4 {[%clk 0:09:01]} 28. axb5 {[%clk 0:01:04]} Bc5+
{[%clk 0:08:28]} 29. Kh2 {[%clk 0:01:31]} Nxc3 {[%clk 0:07:07]} 30. Qe1
{[%clk 0:00:58]} Qd7 {[%clk 0:04:29]} 31. Bxc3 {[%clk 0:00:34]} Qd5
{[%clk 0:03:43]} 32. Qe2 {[%clk 0:00:32]} bxc3 {[%clk 0:03:41]} 33. Rad1
{[%clk 0:00:39]} Qd2 {[%clk 0:03:28]} 34. Rxd2 {[%clk 0:00:32]} Rxd2
{[%clk 0:03:55]} 35. Bd3 {[%clk 0:00:40]} Rxe2+ {[%clk 0:03:41]} 36. Bxe2
{[%clk 0:01:09]} Be3 {[%clk 0:03:47]} 0-1

[Event "1.CLZ 15/16,Unichess-AD Jicin"]
[Site "Praha"]
[Date "2015.11.29"]
[Round "4.4"]
[White "Schula, Michal"]
[Black "Simek, Petr"]
[Result "1/2-1/2"]
[BlackElo "2379"]
[WhiteElo "2305"]
[LiveChessVersion "1.4.6"]

1. d3 {[%clk 1:30:44]} e5 {[%clk 1:27:59]} 2. c4 {[%clk 1:30:53]} Nf6
{[%clk 1:27:39]} 3. Nc3 {[%clk 1:30:20]} Bb4 {[%clk 1:18:47]} 4. Qb3
{[%clk 1:19:25]} Nc6 {[%clk 1:18:00]} 5. e3 {[%clk 1:18:52]} O-O {[%clk 1:17:32]}
6. Bd2 {[%clk 1:14:47]} Re8 {[%clk 1:16:34]} 7. Nf3 {[%clk 1:07:11]} Bf8
{[%clk 0:47:57]} 8. Be2 {[%clk 0:57:12]} d6 {[%clk 0:36:28]} 9. O-O
{[%clk 0:42:41]} Ne7 {[%clk 0:36:38]} 10. Rac1 {[%clk 0:33:09]} Ng6
{[%clk 0:36:49]} 11. Rfe1 {[%clk 0:29:48]} c6 {[%clk 0:36:16]} 12. e4
{[%clk 0:27:53]} h6 {[%clk 0:27:44]} 13. Bd1 {[%clk 0:26:45]} Nh5
{[%clk 0:23:49]} 14. d4 {[%clk 0:20:03]} Nhf4 {[%clk 0:23:28]} 15. Ne2
{[%clk 0:19:08]} Qf6 {[%clk 0:19:13]} 16. Nxf4 {[%clk 0:13:13]} Nxf4
{[%clk 0:19:33]} 17. Bxf4 {[%clk 0:13:22]} Qxf4 {[%clk 0:17:21]} 18. Qe3
{[%clk 0:13:41]} Qxe3 {[%clk 0:15:37]} 19. Rxe3 {[%clk 0:12:23]} exd4
{[%clk 0:14:21]} 20. Nxd4 {[%clk 0:12:45]} a6 {[%clk 0:14:34]} 21. Bb3
{[%clk 0:07:10]} Bd7 {[%clk 0:12:45]} 22. Rd1 {[%clk 0:07:00]} g6
{[%clk 0:12:26]} 23. Ne2 {[%clk 0:06:44]} Rad8 {[%clk 0:08:11]} 24. Nc3
{[%clk 0:06:40]} Be6 {[%clk 0:06:57]} 25. Red3 {[%clk 0:05:59]} Ra8
{[%clk 0:06:26]} 26. Ne2 {[%clk 0:04:41]} b5 {[%clk 0:02:44]} 27. cxb5
{[%clk 0:01:38]} axb5 {[%clk 0:03:06]} 28. f3 {[%clk 0:01:18]} Bxb3
{[%clk 0:03:20]} 29. axb3 {[%clk 0:01:25]} d5 {[%clk 0:01:08]} 30. Ng3
{[%clk 0:01:11]} d4 {[%clk 0:01:10]} 31. Kf1 {[%clk 0:01:01]} Ra2
{[%clk 0:01:13]} 32. R3d2 {[%clk 0:00:57]} c5 {[%clk 0:00:51]} 33. Rc2
{[%clk 0:00:51]} Rea8 {[%clk 0:00:40]} 34. Ke2 {[%clk 0:01:05]} Ra1
{[%clk 0:00:45]} 35. Rxa1 {[%clk 0:00:32]} Rxa1 {[%clk 0:01:11]} 36. e5
{[%clk 0:00:50]} Rb1 {[%clk 0:00:56]} 37. Kd3 {[%clk 0:01:03]} Rd1+
{[%clk 0:00:58]} 38. Ke2 {[%clk 0:01:13]} Rg1 {[%clk 0:01:09]} 39. Kd3
{[%clk 0:01:42]} Rd1+ {[%clk 0:01:01]} 40. Ke2 {[%clk 0:01:56]} Rg1
{[%clk 0:01:27]} 41. Kd3 {[%clk 0:01:05]} Re1 {[%clk 0:28:28]} 42. Re2
{[%clk 0:27:23]} Rd1+ {[%clk 0:27:27]} 43. Kc2 {[%clk 0:26:51]} Rg1
{[%clk 0:27:48]} 44. Kd3 {[%clk 0:25:43]} Rd1+ {[%clk 0:10:16]} 45. Kc2
{[%clk 0:25:37]} Ra1 {[%clk 0:10:41]} 46. Kd3 {[%clk 0:24:23]} Rd1+
{[%clk 0:03:17]} 1/2-1/2

[Event "1.CLZ 15/16,Unichess-AD Jicin"]
[Site "Praha"]
[Date "2015.11.29"]
[Round "4.5"]
[White "Vavra, Pavel"]
[Black "Jurek, Josef"]
[Result "1-0"]
[BlackElo "2290"]
[WhiteElo "2354"]
[LiveChessVersion "1.4.6"]

1. d4 {[%clk 1:29:08]} Nf6 {[%clk 1:30:45]} 2. Bg5 {[%clk 1:29:32]} e6
{[%clk 1:30:56]} 3. e4 {[%clk 1:29:51]} h6 {[%clk 1:31:14]} 4. Bxf6
{[%clk 1:30:15]} Qxf6 {[%clk 1:31:29]} 5. c3 {[%clk 1:30:38]} d6 {[%clk 1:28:47]}
6. Bd3 {[%clk 1:26:10]} Nd7 {[%clk 1:25:27]} 7. Ne2 {[%clk 1:19:17]} Qd8
{[%clk 1:24:13]} 8. O-O {[%clk 1:18:34]} Be7 {[%clk 1:20:14]} 9. f4
{[%clk 1:05:46]} e5 {[%clk 1:16:36]} 10. Nd2 {[%clk 0:50:41]} O-O
{[%clk 1:13:03]} 11. Nc4 {[%clk 0:42:26]} c6 {[%clk 1:09:00]} 12. Ne3
{[%clk 0:40:04]} Nf6 {[%clk 1:01:39]} 13. Ng3 {[%clk 0:39:30]} Qc7
{[%clk 0:47:51]} 14. Nef5 {[%clk 0:30:44]} Bxf5 {[%clk 0:40:17]} 15. Nxf5
{[%clk 0:30:59]} Rae8 {[%clk 0:35:24]} 16. Qf3 {[%clk 0:30:47]} Kh7
{[%clk 0:31:22]} 17. Rae1 {[%clk 0:21:50]} Ng8 {[%clk 0:30:21]} 18. Bc4
{[%clk 0:15:59]} g6 {[%clk 0:19:08]} 19. Ne3 {[%clk 0:15:11]} exf4
{[%clk 0:15:45]} 20. Qxf4 {[%clk 0:15:12]} Bg5 {[%clk 0:15:22]} 21. Qf3
{[%clk 0:15:37]} Nf6 {[%clk 0:12:42]} 22. Bd3 {[%clk 0:13:18]} Qe7
{[%clk 0:11:44]} 23. Nc2 {[%clk 0:12:59]} Kg7 {[%clk 0:11:00]} 24. g3
{[%clk 0:11:30]} h5 {[%clk 0:11:03]} 25. e5 {[%clk 0:11:02]} Nh7 {[%clk 0:07:17]}
26. h4 {[%clk 0:09:45]} Bh6 {[%clk 0:07:04]} 27. exd6 {[%clk 0:09:51]} Qd7
{[%clk 0:07:04]} 28. Rxe8 {[%clk 0:10:12]} Rxe8 {[%clk 0:06:27]} 29. c4
{[%clk 0:10:37]} Re6 {[%clk 0:03:19]} 30. c5 {[%clk 0:10:42]} Rf6
{[%clk 0:03:33]} 31. Qe4 {[%clk 0:07:07]} Qh3 {[%clk 0:03:37]} 32. Qg2
{[%clk 0:06:15]} Qg4 {[%clk 0:03:43]} 33. Be2 {[%clk 0:04:47]} Qe6
{[%clk 0:03:43]} 34. Bf3 {[%clk 0:01:58]} Qxa2 {[%clk 0:03:15]} 35. d5
{[%clk 0:01:21]} cxd5 {[%clk 0:01:56]} 36. b4 {[%clk 0:01:50]} Nf8
{[%clk 0:01:01]} 37. Kh2 {[%clk 0:01:14]} Qc4 {[%clk 0:00:43]} 38. Qe2
{[%clk 0:01:01]} Qxe2+ {[%clk 0:00:36]} 39. Bxe2 {[%clk 0:01:30]} Rxf1
{[%clk 0:00:38]} 40. Bxf1 {[%clk 0:01:53]} Nd7 {[%clk 0:00:35]} 41. Bb5
{[%clk 0:25:21]} Nf8 {[%clk 0:29:14]} 42. Ba6 {[%clk 0:17:27]} Kf6
{[%clk 0:26:51]} 43. Bxb7 {[%clk 0:17:38]} Ke5 {[%clk 0:24:58]} 44. Nd4
{[%clk 0:17:24]} Be3 {[%clk 0:15:09]} 45. Nf3+ {[%clk 0:14:51]} Ke6
{[%clk 0:13:07]} 46. Bc8+ {[%clk 0:15:12]} Kf6 {[%clk 0:11:31]} 47. c6
{[%clk 0:15:12]} Ne6 {[%clk 0:11:14]} 48. Bxe6 {[%clk 0:15:24]} Kxe6
{[%clk 0:11:10]} 49. c7 {[%clk 0:15:48]} Kd7 {[%clk 0:11:14]} 50. Ne5+
{[%clk 0:16:13]} Kc8 {[%clk 0:11:17]} 51. Nc6 {[%clk 0:16:35]} 1-0

[Event "1.CLZ 15/16,Unichess-AD Jicin"]
[Site "Praha"]
[Date "2015.11.29"]
[Round "4.6"]
[White "Fajman, Petr"]
[Black "Kovar, Vojtech"]
[Result "0-1"]
[BlackElo "2342"]
[WhiteElo "2226"]
[LiveChessVersion "1.4.6"]

1. d4 {[%clk 1:30:55]} Nf6 {[%clk 1:30:55]} 2. c4 {[%clk 1:31:21]} e6
{[%clk 1:31:22]} 3. a3 {[%clk 1:30:39]} d5 {[%clk 1:28:53]} 4. Nc3
{[%clk 1:30:57]} c6 {[%clk 1:29:19]} 5. e3 {[%clk 1:30:46]} Nbd7 {[%clk 1:29:03]}
6. Nf3 {[%clk 1:31:02]} Bd6 {[%clk 1:27:57]} 7. Bd3 {[%clk 1:26:51]} dxc4
{[%clk 1:28:11]} 8. Bxc4 {[%clk 1:27:19]} b5 {[%clk 1:28:36]} 9. Bd3
{[%clk 1:25:24]} Bb7 {[%clk 1:28:57]} 10. O-O {[%clk 1:24:10]} O-O
{[%clk 1:29:21]} 11. Bc2 {[%clk 0:57:09]} Qb8 {[%clk 1:02:54]} 12. h3
{[%clk 0:56:50]} c5 {[%clk 1:02:07]} 13. Qe2 {[%clk 0:48:10]} a6 {[%clk 0:25:26]}
14. Rd1 {[%clk 0:32:42]} Rd8 {[%clk 0:20:42]} 15. e4 {[%clk 0:14:12]} cxd4
{[%clk 0:19:49]} 16. Rxd4 {[%clk 0:14:12]} Ne5 {[%clk 0:17:50]} 17. Nxe5
{[%clk 0:13:50]} Bxe5 {[%clk 0:18:15]} 18. Rxd8+ {[%clk 0:13:39]} Qxd8
{[%clk 0:18:43]} 19. Bd2 {[%clk 0:13:44]} Rc8 {[%clk 0:15:07]} 20. Rd1
{[%clk 0:13:44]} Qc7 {[%clk 0:13:27]} 21. Bb1 {[%clk 0:14:05]} Rd8
{[%clk 0:12:50]} 22. Re1 {[%clk 0:10:44]} h6 {[%clk 0:10:10]} 23. Rc1
{[%clk 0:10:02]} Rxd2 {[%clk 0:07:08]} 24. Qxd2 {[%clk 0:09:42]} Bh2+
{[%clk 0:07:34]} 25. Kh1 {[%clk 0:08:42]} Bf4 {[%clk 0:07:58]} 26. Qd1
{[%clk 0:07:49]} Bxc1 {[%clk 0:07:56]} 27. Qxc1 {[%clk 0:08:11]} Bxe4
{[%clk 0:07:18]} 28. Qe1 {[%clk 0:05:12]} Bxb1 {[%clk 0:07:24]} 29. Qxb1
{[%clk 0:05:29]} Qc5 {[%clk 0:04:21]} 30. Kg1 {[%clk 0:04:58]} Qd4
{[%clk 0:04:35]} 31. Qc2 {[%clk 0:05:01]} g6 {[%clk 0:02:54]} 32. Ne2
{[%clk 0:03:53]} Qe5 {[%clk 0:03:20]} 33. Ng3 {[%clk 0:02:45]} Kg7
{[%clk 0:01:44]} 34. Qd2 {[%clk 0:03:01]} Nd5 {[%clk 0:01:18]} 35. Ne2
{[%clk 0:02:55]} h5 {[%clk 0:00:43]} 36. Kf1 {[%clk 0:01:52]} Kh7
{[%clk 0:00:52]} 37. Kg1 {[%clk 0:01:28]} Qe4 {[%clk 0:00:51]} 38. Ng3
{[%clk 0:01:16]} Qe5 {[%clk 0:00:45]} 39. Ne2 {[%clk 0:00:58]} Kg7
{[%clk 0:00:48]} 40. Nd4 {[%clk 0:00:57]} Qe4 {[%clk 0:00:40]} 41. Nf3
{[%clk 0:00:38]} Qf4 {[%clk 0:22:07]} 42. Qc2 {[%clk 0:30:51]} g5
{[%clk 0:17:22]} 43. Qe2 {[%clk 0:27:38]} g4 {[%clk 0:16:22]} 44. hxg4
{[%clk 0:27:24]} hxg4 {[%clk 0:16:50]} 45. Ne5 {[%clk 0:27:27]} g3
{[%clk 0:16:54]} 46. fxg3 {[%clk 0:26:11]} Qxg3 {[%clk 0:13:59]} 47. Nf3
{[%clk 0:24:33]} Qf4 {[%clk 0:13:56]} 48. Kf2 {[%clk 0:22:12]} Kf8
{[%clk 0:08:31]} 49. Qc2 {[%clk 0:18:29]} Qe3+ {[%clk 0:06:18]} 50. Kg3
{[%clk 0:18:55]} Qf4+ {[%clk 0:06:45]} 51. Kf2 {[%clk 0:19:21]} Qe3+
{[%clk 0:06:48]} 52. Kg3 {[%clk 0:19:16]} Kg7 {[%clk 0:06:56]} 53. Qc6
{[%clk 0:13:19]} Nf4 {[%clk 0:06:55]} 54. Qd6 {[%clk 0:09:21]} Ne2+
{[%clk 0:06:09]} 55. Kg4 {[%clk 0:07:24]} f5+ {[%clk 0:05:02]} 56. Kh3
{[%clk 0:07:14]} Qh6+ {[%clk 0:05:23]} 57. Nh4 {[%clk 0:07:36]} Nf4+
{[%clk 0:05:48]} 58. Kg3 {[%clk 0:07:53]} Qg5+ {[%clk 0:06:17]} 59. Kf3
{[%clk 0:08:10]} Qg4+ {[%clk 0:06:11]} 60. Ke3 {[%clk 0:08:28]} Nd5+
{[%clk 0:06:22]} 0-1

[Event "1.CLZ 15/16,Unichess-AD Jicin"]
[Site "Praha"]
[Date "2015.11.29"]
[Round "4.7"]
[White "Rehorek, Martin"]
[Black "Voloshin, Leonid"]
[Result "1/2-1/2"]
[BlackElo "2401"]
[WhiteElo "2297"]
[LiveChessVersion "1.4.6"]

1. e4 {[%clk 1:29:14]} c5 {[%clk 1:30:15]} 2. Nf3 {[%clk 1:29:28]} Nc6
{[%clk 1:30:30]} 3. d4 {[%clk 1:29:52]} cxd4 {[%clk 1:30:55]} 4. Nxd4
{[%clk 1:30:19]} e5 {[%clk 1:30:32]} 5. Nb5 {[%clk 1:27:47]} d6 {[%clk 1:30:53]}
6. a4 {[%clk 1:22:03]} Be6 {[%clk 1:28:52]} 7. N1c3 {[%clk 1:22:02]} a6
{[%clk 1:27:53]} 8. Na3 {[%clk 1:22:26]} Be7 {[%clk 1:27:53]} 9. Nd5
{[%clk 1:15:02]} Nf6 {[%clk 1:25:53]} 10. Nxe7 {[%clk 1:14:30]} Nxe7
{[%clk 1:23:50]} 11. Bd3 {[%clk 1:12:39]} d5 {[%clk 1:17:12]} 12. exd5
{[%clk 1:12:57]} Qxd5 {[%clk 1:17:18]} 13. O-O {[%clk 1:12:43]} O-O
{[%clk 1:16:31]} 14. Bg5 {[%clk 1:08:04]} e4 {[%clk 1:13:07]} 15. Bxf6
{[%clk 1:07:55]} gxf6 {[%clk 1:13:28]} 16. Bc4 {[%clk 1:04:45]} Qxd1
{[%clk 1:05:44]} 17. Raxd1 {[%clk 1:05:02]} Rfd8 {[%clk 1:04:49]} 18. Rfe1
{[%clk 1:00:26]} f5 {[%clk 0:48:40]} 19. Rxd8+ {[%clk 0:55:44]} Rxd8
{[%clk 0:49:00]} 20. f3 {[%clk 0:56:05]} Bxc4 {[%clk 0:41:58]} 21. Nxc4
{[%clk 0:56:22]} Rd4 {[%clk 0:42:18]} 22. b3 {[%clk 0:55:51]} b5 {[%clk 0:34:56]}
23. axb5 {[%clk 0:56:10]} axb5 {[%clk 0:35:24]} 24. Na3 {[%clk 0:53:58]} b4
{[%clk 0:33:18]} 25. Nc4 {[%clk 0:54:16]} Kg7 {[%clk 0:32:23]} 26. Kf2
{[%clk 0:44:03]} Nd5 {[%clk 0:30:55]} 27. fxe4 {[%clk 0:29:50]} fxe4
{[%clk 0:19:56]} 1/2-1/2

[Event "1.CLZ 15/16,Unichess-AD Jicin"]
[Site "Praha"]
[Date "2015.11.29"]
[Round "4.8"]
[White "Forman, Stepan"]
[Black "Kuba, Jindrich"]
[Result "1/2-1/2"]
[BlackElo "2286"]
[WhiteElo "2293"]
[LiveChessVersion "1.4.6"]

1. d4 {[%clk 1:30:54]} Nf6 {[%clk 1:30:56]} 2. c4 {[%clk 1:31:19]} e6
{[%clk 1:31:04]} 3. Nf3 {[%clk 1:31:29]} d5 {[%clk 1:31:29]} 4. Nc3
{[%clk 1:31:08]} c6 {[%clk 1:31:54]} 5. e3 {[%clk 1:29:51]} Nbd7 {[%clk 1:32:19]}
6. Bd3 {[%clk 1:30:13]} Bd6 {[%clk 1:32:43]} 7. e4 {[%clk 1:30:22]} dxe4
{[%clk 1:29:32]} 8. Nxe4 {[%clk 1:27:31]} Nxe4 {[%clk 1:30:00]} 9. Bxe4
{[%clk 1:27:53]} Nf6 {[%clk 1:30:27]} 10. Bc2 {[%clk 1:28:15]} Qa5+
{[%clk 1:26:14]} 11. Bd2 {[%clk 1:27:55]} Bb4 {[%clk 1:25:39]} 12. a3
{[%clk 1:19:27]} Bxd2+ {[%clk 1:26:01]} 13. Qxd2 {[%clk 1:19:56]} Qxd2+
{[%clk 1:25:36]} 14. Kxd2 {[%clk 1:19:06]} O-O {[%clk 1:25:21]} 15. Ne5
{[%clk 1:17:13]} Rd8 {[%clk 1:23:49]} 16. Kc3 {[%clk 1:17:31]} Bd7
{[%clk 1:22:39]} 17. g4 {[%clk 1:13:48]} Be8 {[%clk 1:21:42]} 18. Rad1
{[%clk 1:06:38]} Nd7 {[%clk 1:21:14]} 19. f4 {[%clk 0:58:17]} f6 {[%clk 1:19:14]}
20. Nxd7 {[%clk 0:57:23]} Rxd7 {[%clk 1:19:00]} 21. Rhe1 {[%clk 0:56:17]} Bf7
{[%clk 1:19:19]} 22. Bb3 {[%clk 0:50:29]} Re8 {[%clk 1:17:39]} 23. Rd2
{[%clk 0:44:42]} Kf8 {[%clk 1:15:37]} 24. c5 {[%clk 0:43:54]} e5 {[%clk 1:06:37]}
25. Bxf7 {[%clk 0:35:36]} exd4+ {[%clk 1:05:31]} 26. Rxd4 {[%clk 0:35:57]} Rxf7
{[%clk 1:06:00]} 27. Rxe8+ {[%clk 0:34:43]} Kxe8 {[%clk 1:06:28]} 28. h4
{[%clk 0:28:26]} h6 {[%clk 1:03:52]} 29. Ra4 {[%clk 0:24:23]} a6 {[%clk 1:04:16]}
30. Re4+ {[%clk 0:21:23]} Re7 {[%clk 1:01:59]} 31. Rxe7+ {[%clk 0:17:42]} Kxe7
{[%clk 1:02:27]} 32. Kb4 {[%clk 0:18:05]} Kd7 {[%clk 1:01:05]} 33. Ka5
{[%clk 0:18:31]} Kc7 {[%clk 1:01:25]} 34. f5 {[%clk 0:18:51]} Kc8
{[%clk 1:01:35]} 35. Kb6 {[%clk 0:19:16]} Kb8 {[%clk 1:02:02]} 36. Ka5
{[%clk 0:16:35]} Kc7 {[%clk 1:02:30]} 37. Kb4 {[%clk 0:16:58]} Kc8
{[%clk 1:02:34]} 38. Kc4 {[%clk 0:17:25]} Kd7 {[%clk 1:02:59]} 39. Kd4
{[%clk 0:17:49]} Ke7 {[%clk 1:03:14]} 40. Ke4 {[%clk 0:18:14]} Kf7
{[%clk 1:01:26]} 41. Kf4 {[%clk 0:18:27]} Ke7 {[%clk 1:00:58]} 42. b4
{[%clk 0:12:32]} Kf7 {[%clk 1:01:21]} 43. Ke4 {[%clk 0:09:33]} Ke7
{[%clk 1:01:46]} 44. a4 {[%clk 0:08:40]} Kd7 {[%clk 1:01:52]} 45. Kd4
{[%clk 0:02:55]} Ke7 {[%clk 1:02:09]} 46. Kc4 {[%clk 0:02:57]} Kd7
{[%clk 1:02:24]} 47. b5 {[%clk 0:02:52]} a5 {[%clk 1:01:38]} 48. bxc6+
{[%clk 0:31:00]} bxc6 {[%clk 1:32:36]} 49. Kd3 {[%clk 0:31:10]} Ke7
{[%clk 1:33:01]} 50. Ke3 {[%clk 0:31:33]} Kd7 {[%clk 1:33:26]} 51. Kf4
{[%clk 0:31:19]} Ke7 {[%clk 1:33:52]} 52. g5 {[%clk 0:26:55]} h5 {[%clk 1:34:09]}
53. gxf6+ {[%clk 0:26:37]} gxf6 {[%clk 1:34:37]} 1/2-1/2